Statistics for Capital Cities: Equidistant from Washington and Beijing

Click here to take the quiz!

General Stats

  • This quiz has been taken 41 times
  • The average score is 16 of 20

Answer Stats

RankDistance from WashingtonDistance from BeijingDifferenceCapital City% Correct
17,3547,3595Budapest
95%
206,9496,338611Helsinki
95%
87,1976,959238Warsaw
92%
67,6097,433176Belgrade
89%
97,1937,438245Bratislava
89%
156,9167,475559Prague
89%
167,0936,533560Riga
89%
127,1427,479337Vienna
89%
187,1407,734594Ljubljana
86%
27,6757,66213Podgorica
86%
137,2527,658406Zagreb
86%
117,8517,543308Skopje
84%
57,5277,632105Sarajevo
81%
47,7837,69687Tirana
81%
107,7907,519271Pristina
78%
36,6536,72572Stockholm
78%
196,9826,381601Tallinn
78%
177,9327,370562Sofia
76%
710,19310,369176Bangui
30%
1411,89212,353461Windhoek
24%

Score Distribution

Percentile by Number Answered

Percent of People with Each Score

Your Score History

You have not taken this quiz